Name the 2010 Jets Starters - Statistics

General Stats
  • This quiz has been taken 3 times
  • The average score is 12 of 27
Answer Stats
Position Name College % Correct
CB Antonio Cromartie Florida State
100%
ILB Bart Scott Southern Illinois
100%
KR Brad Smith Missouri
100%
WR Braylon Edwards Michigan
100%
CB Darrelle Revis Pitt
100%
LT D'Brickashaw Ferguson Virginia
100%
RB LaDainian Tomlinson TCU
100%
QB Mark Sanchez USC
100%
K Nick Folk Arizona
100%
C Nick Mangold Ohio State
100%
OLB Calvin Pace Wake Forest
50%
ILB David Harris Michigan
50%
TE Dustin Keller Purdue
50%
WR Santonio Holmes Ohio State
50%
RG Brandon Moore Illinois
0%
FS Brodney Pool Oklahoma
0%
OLB Bryan Thomas UAB
0%
RT Damien Woody Boston College
0%
SS Jim Leonhard Wisconsin
0%
PR Jim Leonhard Wisconsin
0%
LG Matt Slauson Nebraska
0%
DE Mike DeVito Maine
0%
DE Shaun Ellis Tennessee
0%
DT Sione Pouha Utah
0%
P Steve Weatherford Illinois
0%
LS Tanner Purdum Baker
0%
FB Tony Richardson Auburn
0%
No matching quizzes found
Score Distribution
Percent of People with Each Score
Percentile by Number Answered
Your Score History
You have not taken this quiz